[Event "XV Weekend A"]
[Site "Ivrea ITA"]
[Date "2011.04.02"]
[Round "3"]
[White "Gennaro, Isabella"]
[Black "Barosso, Renzo"]
[Result "0-1"]
[WhiteElo "1628"]
[BlackElo "1889"]
[PlyCount "120"]
[EventDate "2011.04.01"]

1. e4 e6 2. d4 d5 3. Nd2 c5 4. Ngf3 dxe4 5. Nxe4 Nf6 6. Bg5 Nbd7 7. Bb5 Be7 8.
Bxd7+ Nxd7 9. dxc5 a5 10. O-O Bxg5 11. Nfxg5 O-O 12. Qd2 Qe7 13. b4 axb4 14.
Qxb4 b6 15. Nf3 bxc5 16. Qc3 Bb7 17. Rfe1 Ra4 18. Ng3 Qf6 19. Ne5 Bd5 20. Nh5
Qg5 21. Ng3 Nxe5 22. Rxe5 Qg4 23. a3 Qd4 24. Ne2 Qc4 25. Qb3 Qb4 26. Qxb4 cxb4
27. Re3 Rfa8 28. h3 Rxa3 29. Raxa3 bxa3 30. Nc3 a2 31. Nxa2 Rxa2 32. Rc3 g6 33.
f3 Kg7 34. Kf2 Ra4 35. Ke3 Rc4 36. Rxc4 Bxc4 37. h4 e5 38. g3 Kf6 39. f4 Ke6
40. Ke4 exf4 41. Kxf4 Kd5 42. Ke3 f5 43. c3 Ke5 44. Kf3 h6 45. Ke3 Be6 46. Kd3
Kd5 47. Ke3 Kc4 48. Kd2 Kb3 49. Kd3 Bc4+ 50. Kd4 Be2 51. Ke3 Bf1 52. Kd2 Kb2
53. Ke1 Bb5 54. Kd2 Bc4 55. Ke3 Kxc3 56. Kf4 Kd4 57. h5 Bf7 58. hxg6 Bxg6 59.
g4 fxg4 60. Kxg4 Ke4 0-1

[Event "XV Weekend A"]
[Site "Ivrea ITA"]
[Date "2011.04.02"]
[Round "3"]
[White "Migliorini, Matteo"]
[Black "Giachino, Adriano"]
[Result "1-0"]
[WhiteElo "1855"]
[BlackElo "1707"]
[PlyCount "77"]
[EventDate "2011.04.01"]

1. e4 c5 2. Nf3 d6 3. Bb5+ Nc6 4. O-O g6 5. c3 a6 6. Ba4 Bg7 7. d4 b5 8. Bb3 c4
9. Bc2 Nf6 10. e5 Ng4 11. h3 Nh6 12. exd6 Qxd6 13. Be4 Bb7 14. Ne5 O-O 15. Bf4
Rab8 16. Nxg6 e5 17. Nxe5 Rbd8 18. Nxc6 Qxf4 19. Ne7+ Kh8 20. Bxb7 Rd7 21. Qf3
Qxf3 22. Bxf3 Rxe7 23. Na3 Re6 24. Rfe1 Rg6 25. Re4 Rg8 26. Rae1 Nf5 27. Rf4
Nh6 28. Nc2 Bf8 29. Ne3 Rg5 30. Nd5 Bd6 31. Rf6 Bf8 32. Rxa6 Nf5 33. Re4 Nh6
34. Re8 Kg7 35. Nf6 Rh8 36. Nd7 Nf5 37. Nxf8 Rxf8 38. Rxf8 Kxf8 39. g3 1-0

[Event "XV Weekend A"]
[Site "Ivrea ITA"]
[Date "2011.04.02"]
[Round "3"]
[White "Moratto, Davide"]
[Black "Bosticardo, Tommaso"]
[Result "0-1"]
[WhiteElo "1838"]
[BlackElo "1687"]
[PlyCount "54"]
[EventDate "2011.04.01"]

1. e4 e5 2. Nf3 Nc6 3. Bb5 Nf6 4. O-O Nxe4 5. d4 Nd6 6. Bxc6 dxc6 7. dxe5 Nf5
8. Qxd8+ Kxd8 9. Rd1+ Ke8 10. Nc3 Bd7 11. Bf4 Be7 12. Ne4 h6 13. e6 Bxe6 14.
Bxc7 Rc8 15. Nd6+ Nxd6 16. Bxd6 Bxd6 17. Rxd6 Ke7 18. Rdd1 c5 19. a3 Rhd8 20.
h3 Rd5 21. Rxd5 Bxd5 22. Re1+ Be6 23. Ne5 Rd8 24. f4 Kf6 25. g4 Rd2 26. f5 Bc8
27. Rc1 Kxe5 0-1

[Event "XV Weekend A"]
[Site "Ivrea ITA"]
[Date "2011.04.02"]
[Round "3"]
[White "Pane, Gabriele"]
[Black "D'Amato, Piergiorgio"]
[Result "0-1"]
[WhiteElo "1425"]
[BlackElo "1849"]
[PlyCount "78"]
[EventDate "2011.04.01"]

1. d4 e6 2. c4 f5 3. g3 Nf6 4. Bg2 Be7 5. Nf3 O-O 6. O-O d6 7. Nc3 Ne4 8. Nxe4
fxe4 9. Nd2 d5 10. f3 Bf6 11. e3 exf3 12. Bxf3 Nc6 13. Nb3 a5 14. cxd5 exd5 15.
a4 Nb4 16. Bd2 Be7 17. e4 dxe4 18. Bxe4 Rxf1+ 19. Qxf1 c6 20. Qc4+ Kh8 21. Rf1
Qd6 22. Qf7 Be6 23. Bf4 Bxf7 24. Bxd6 Bf6 25. Be7 Bxb3 26. Bxf6 gxf6 27. Rxf6
Kg7 28. Rf3 Bd5 29. Bxd5 Nxd5 30. Rb3 b6 31. Kf2 Rf8+ 32. Rf3 Rf6 33. h4 h5 34.
Ke2 Kg6 35. Kf2 Rxf3+ 36. Kxf3 Kf5 37. b3 Nf6 38. Ke3 Ne4 39. Kf3 Nd2+ 0-1

[Event "XV Weekend A"]
[Site "Ivrea ITA"]
[Date "2011.04.02"]
[Round "3"]
[White "Paonessa, Denis"]
[Black "Bardone, Lorenzo"]
[Result "0-1"]
[WhiteElo "1892"]
[BlackElo "1789"]
[PlyCount "50"]
[EventDate "2011.04.01"]

1. d4 d5 2. c4 c6 3. Nf3 Nf6 4. Nc3 a6 5. g3 dxc4 6. Bg2 b5 7. e4 e6 8. e5 Nd5
9. a4 Bb7 10. O-O Be7 11. Ne4 h6 12. Bd2 Nd7 13. b3 cxb3 14. Qxb3 O-O 15. Rfc1
Qb6 16. axb5 axb5 17. Nd6 Bxd6 18. exd6 c5 19. dxc5 Nxc5 20. Qb1 Rxa1 21. Qxa1
Nb3 22. Qe5 Nxc1 23. Bxc1 Rd8 24. Bb2 Nf6 25. Bf1 Bxf3 0-1

[Event "XV Weekend A"]
[Site "Ivrea ITA"]
[Date "2011.04.02"]
[Round "3"]
[White "Ranieri, Fabrizio"]
[Black "Zannoni, Gianni"]
[Result "1-0"]
[WhiteElo "2283"]
[BlackElo "1815"]
[PlyCount "53"]
[EventDate "2011.04.01"]

1. e4 d6 2. d4 Nf6 3. Nc3 c6 4. h3 e5 5. Nf3 Nbd7 6. a4 Be7 7. Bc4 Qa5 8. O-O
O-O 9. Be3 exd4 10. Nxd4 Ne5 11. Bb3 Bd7 12. f4 Ng6 13. Qf3 Rae8 14. Rad1 Qc7
15. g4 Kh8 16. Nf5 Bxf5 17. gxf5 Nh4 18. Qg3 Nxe4 19. Nxe4 Nxf5 20. Qf3 d5 21.
Ng3 Nxe3 22. Qxe3 Bf6 23. Qxa7 Bxb2 24. Qf2 b6 25. Kg2 g6 26. c4 dxc4 27. Qxb2+
1-0

[Event "XV Weekend A"]
[Site "Ivrea ITA"]
[Date "2011.04.02"]
[Round "3"]
[White "Razzano, Lorenzo"]
[Black "Moschetto, Giuliano"]
[Result "1/2-1/2"]
[WhiteElo "1931"]
[BlackElo "1744"]
[PlyCount "38"]
[EventDate "2011.04.01"]

1. Nf3 c5 2. b3 g6 3. Bb2 Nf6 4. e4 d6 5. e5 dxe5 6. Nxe5 Bg7 7. Bb5+ Nbd7 8.
Qe2 O-O 9. Nxd7 Bxd7 10. Bxd7 Qxd7 11. O-O Rfd8 12. d3 e6 13. Nd2 b6 14. Nf3
Qd5 15. Rad1 Qh5 16. Rfe1 Nd5 17. Bxg7 Kxg7 18. Qd2 Qf5 19. Re5 Qf4 1/2-1/2

[Event "XV Weekend A"]
[Site "Ivrea ITA"]
[Date "2011.04.02"]
[Round "3"]
[White "Zunino, Davide"]
[Black "Arruzza, Francesco"]
[Result "1/2-1/2"]
[WhiteElo "1990"]
[BlackElo "1802"]
[PlyCount "40"]
[EventDate "2011.04.01"]

1. d4 Nf6 2. Nc3 d5 3. e4 Nxe4 4. Nxe4 dxe4 5. Bc4 Bf5 6. g4 Bg6 7. Ne2 Nd7 8.
h4 h5 9. Nf4 Nf6 10. Nxg6 fxg6 11. g5 Ng4 12. c3 Qd7 13. f3 exf3 14. Qxf3 O-O-O
15. Be3 e5 16. O-O-O Bd6 17. Qe2 Nxe3 18. Qxe3 exd4 19. Qxd4 Kb8 20. Bb3 Rhf8
1/2-1/2

[Event "XV Weekend A"]
[Site "Ivrea ITA"]
[Date "2011.04.03"]
[Round "4"]
[White "Arruzza, Francesco"]
[Black "Migliorini, Matteo"]
[Result "0-1"]
[WhiteElo "1802"]
[BlackElo "1855"]
[PlyCount "126"]
[EventDate "2011.04.01"]

1. e4 e5 2. Nf3 Nc6 3. Nc3 Nf6 4. d4 exd4 5. Nxd4 Bb4 6. Nxc6 bxc6 7. Bd3 O-O
8. O-O d5 9. exd5 cxd5 10. Bg5 c6 11. Qf3 Bd6 12. Ne2 Be5 13. c3 Qb6 14. Bxf6
Bxf6 15. Rab1 Qd8 16. Ng3 g6 17. c4 Be6 18. cxd5 Bxd5 19. Be4 Bxe4 20. Nxe4 Bg7
21. Rfd1 Qe7 22. b3 Rfe8 23. Nd2 Rad8 24. Nc4 Rxd1+ 25. Qxd1 Qe2 26. Qxe2 Rxe2
27. a4 Bd4 28. Rf1 Rc2 29. g3 Rc3 30. Rb1 Rf3 31. Ne3 Bxe3 32. fxe3 Rxe3 33.
Rc1 Rxb3 34. Rxc6 Rb6 35. Rc7 Ra6 36. Rc4 f5 37. Kf2 h6 38. h4 Kf7 39. Ke3 g5
40. hxg5 hxg5 41. Kd4 Ra5 42. Kc3 Ke6 43. Kd4 Rd5+ 44. Ke3 Ke5 45. Rb4 Rc5 46.
Kd3 Rd5+ 47. Ke3 Rc5 48. Kd3 a5 49. Rb8 Rd5+ 50. Ke3 f4+ 51. gxf4+ gxf4+ 52.
Ke2 Rd4 53. Rb5+ Rd5 54. Rb1 Ke4 55. Rb3 Rd4 56. Ra3 Rb4 57. Kf2 Rb2+ 58. Ke1
f3 59. Rc3 Rb4 60. Ra3 Kf4 61. Kf2 Rb2+ 62. Kf1 Kg3 63. Ra1 Rh2 0-1

[Event "XV Weekend A"]
[Site "Ivrea ITA"]
[Date "2011.04.03"]
[Round "4"]
[White "Bardone, Lorenzo"]
[Black "Zunino, Davide"]
[Result "0-1"]
[WhiteElo "1789"]
[BlackElo "1990"]
[PlyCount "136"]
[EventDate "2011.04.01"]

1. e4 e6 2. d4 d5 3. Nd2 Nc6 4. Ngf3 Nf6 5. e5 Nd7 6. c3 f6 7. Bb5 a6 8. Bxc6
bxc6 9. O-O fxe5 10. Nxe5 Nxe5 11. dxe5 Be7 12. Nf3 O-O 13. Nd4 Qd7 14. Qg4 c5
15. Bh6 Rf7 16. Nf3 Bb7 17. Bg5 Raf8 18. Bxe7 Qxe7 19. Ng5 Rf5 20. f4 h6 21.
Nh3 d4 22. Rad1 Qd7 23. Rf2 d3 24. b3 a5 25. Qg6 Be4 26. Qg3 Qc6 27. Qe3 Rd8
28. Rfd2 Rf7 29. Re1 Bf5 30. Nf2 Rfd7 31. Red1 c4 32. g4 Bg6 33. f5 exf5 34.
Qf4 fxg4 35. Qxg4 Re7 36. Qxc4+ Qxc4 37. bxc4 Rxe5 38. Nxd3 Rg5+ 39. Kf1 Bf7
40. Nb2 Rf8 41. Rf2 Be6 42. Rxf8+ Kxf8 43. Rd3 Ke7 44. Kf2 h5 45. Re3 Kd6 46.
Re4 Bh3 47. Re2 Rg2+ 48. Ke3 Rxe2+ 49. Kxe2 Kc5 50. a4 g5 51. Kd3 Bf1+ 52. Ke4
Bxc4 53. Kf5 g4 54. Kg5 Bf7 55. Kf6 Be8 56. Ke7 Bc6 57. Kf6 Kd5 58. Kg5 Be8 59.
Nd3 Bxa4 60. Kxh5 Bd7 61. Nf2 a4 62. Nd3 a3 63. Nb4+ Kc4 64. Na2 Kb3 65. Nc1+
Kb2 66. Nd3+ Kb1 67. Nb4 a2 68. Nxa2 Kxa2 0-1

[Event "XV Weekend A"]
[Site "Ivrea ITA"]
[Date "2011.04.03"]
[Round "4"]
[White "Barosso, Renzo"]
[Black "Razzano, Lorenzo"]
[Result "0-1"]
[WhiteElo "1889"]
[BlackElo "1931"]
[PlyCount "68"]
[EventDate "2011.04.01"]

1. d4 Nf6 2. c4 Nc6 3. Nc3 e5 4. d5 Ne7 5. e4 Ng6 6. Nf3 Bc5 7. Be2 a6 8. O-O
O-O 9. h3 d6 10. Re1 Qe7 11. Nh2 Ne8 12. Be3 f5 13. Bxc5 dxc5 14. exf5 Bxf5 15.
Bg4 Nd6 16. Bxf5 Rxf5 17. Qd3 Raf8 18. f3 Nf4 19. Qf1 Qg5 20. Kh1 Nh5 21. Qd3
Ng3+ 22. Kg1 h5 23. b3 Rf4 24. Qd2 e4 25. Qc1 Qf6 26. Ne2 Nxe2+ 27. Rxe2 Qd4+
28. Kh1 Nf5 29. Nf1 exf3 30. gxf3 Rxf3 31. Kh2 Rf2+ 32. Rxf2 Qxf2+ 33. Kh1 Nh4
34. Qg5 Rf3 0-1

[Event "XV Weekend A"]
[Site "Ivrea ITA"]
[Date "2011.04.03"]
[Round "4"]
[White "Bosticardo, Tommaso"]
[Black "Di Chiara, Mauro"]
[Result "0-1"]
[WhiteElo "1687"]
[BlackElo "1961"]
[PlyCount "70"]
[EventDate "2011.04.01"]

1. d4 d6 2. c4 g6 3. Nc3 Bg7 4. e4 Nf6 5. f3 O-O 6. Be3 Nc6 7. Qd2 a6 8. Nge2
Rb8 9. g4 Re8 10. h4 h5 11. gxh5 Nxh5 12. O-O-O b5 13. cxb5 axb5 14. Bh3 Bxh3
15. Rxh3 b4 16. Nd5 e6 17. Ndf4 Nxf4 18. Nxf4 e5 19. Ne2 exd4 20. Nxd4 Ne5 21.
Bh6 Nd3+ 22. Kb1 Bxh6 23. Qxh6 Nf2 24. Nc6 Qd7 25. Nxb8 Qxh3 26. Rg1 Rxb8 27.
Rxg6+ fxg6 28. Qxg6+ Kf8 29. Qf6+ Ke8 30. Qg6+ Ke7 31. Qg7+ Ke6 32. Qg6+ Ke5
33. Qg5+ Kd4 34. Qd5+ Ke3 35. Qb3+ Nd3 0-1

[Event "XV Weekend A"]
[Site "Ivrea ITA"]
[Date "2011.04.03"]
[Round "4"]
[White "Castaldo, Antonio"]
[Black "Bellia, Mario"]
[Result "1-0"]
[WhiteElo "1669"]
[BlackElo "1574"]
[PlyCount "89"]
[EventDate "2011.04.01"]

1. Nf3 d5 2. g3 Nf6 3. Bg2 c6 4. O-O Nbd7 5. d3 e6 6. Nc3 Be7 7. e4 d4 8. Ne2
e5 9. Bg5 h6 10. Bxf6 Bxf6 11. Ne1 O-O 12. f4 Qc7 13. c3 Re8 14. cxd4 exd4 15.
e5 Bd8 16. Nxd4 Qb6 17. Nef3 Qxb2 18. Nb3 Bb6+ 19. Kh1 Qa3 20. d4 a5 21. Qc1
Qf8 22. Nbd2 c5 23. d5 f6 24. e6 Nb8 25. Nh4 Bd8 26. f5 Qd6 27. Nc4 Qa6 28. Qd2
Qxc4 29. d6 Qd4 30. Qxd4 cxd4 31. Rfd1 Bb6 32. Ng6 Kh7 33. Ne7 Bc5 34. Nxc8
Rxc8 35. d7 Rd8 36. Rac1 Na6 37. Bxb7 Ra7 38. Bxa6 Rxa6 39. Rxc5 Raa8 40. Rxd4
g6 41. g4 gxf5 42. gxf5 h5 43. Rdc4 Rdb8 44. Rc8 Rb1+ 45. Rc1 1-0

[Event "XV Weekend A"]
[Site "Ivrea ITA"]
[Date "2011.04.03"]
[Round "4"]
[White "Castaldo, Folco"]
[Black "Ranieri, Fabrizio"]
[Result "1/2-1/2"]
[WhiteElo "2420"]
[BlackElo "2283"]
[PlyCount "21"]
[EventDate "2011.04.01"]

1. Nf3 d5 2. g3 Nf6 3. Bg2 e6 4. O-O Be7 5. d4 O-O 6. Nbd2 c5 7. c4 Nc6 8. cxd5
exd5 9. dxc5 Bxc5 10. Nb3 Be7 11. Be3 1/2-1/2

[Event "XV Weekend A"]
[Site "Ivrea ITA"]
[Date "2011.04.03"]
[Round "4"]
[White "D'Amato, Piergiorgio"]
[Black "Bellafiore, Enzo"]
[Result "1-0"]
[WhiteElo "1849"]
[BlackElo "1807"]
[PlyCount "43"]
[EventDate "2011.04.01"]

1. e4 e6 2. Nc3 d5 3. Nf3 d4 4. Ne2 c5 5. c3 Nc6 6. cxd4 cxd4 7. Qa4 Bc5 8. b4
d3 9. bxc5 dxe2 10. Bxe2 Bd7 11. Qc2 Qa5 12. O-O e5 13. Bb2 f6 14. d4 exd4 15.
Nxd4 Nge7 16. Nb5 Nc8 17. Bc3 Qd8 18. Rad1 O-O 19. Bc4+ Kh8 20. Be6 a6 21. Rxd7
Qe8 22. Nc7 1-0

[Event "XV Weekend A"]
[Site "Ivrea ITA"]
[Date "2011.04.03"]
[Round "4"]
[White "Giachino, Adriano"]
[Black "Pane, Gabriele"]
[Result "1-0"]
[WhiteElo "1707"]
[BlackElo "1425"]
[PlyCount "85"]
[EventDate "2011.04.01"]

1. e4 e5 2. Bc4 Nf6 3. d4 exd4 4. Nf3 Bb4+ 5. c3 dxc3 6. bxc3 Nxe4 7. cxb4 Nc6
8. O-O Qf6 9. Re1 O-O 10. Rxe4 Qxa1 11. Nbd2 Nxb4 12. Ng5 d5 13. Rh4 h6 14. Nb3
Qxa2 15. Bf1 Qc2 16. Qf3 f6 17. Nh3 Re8 18. Rxb4 c6 19. Qg3 Re1 20. f3 Rxc1 21.
Nxc1 Qxc1 22. Rf4 Bxh3 23. Rxf6 Bd7 24. Rg6 Qa1 25. Rxh6 b5 26. Rh4 d4 27. Qg6
b4 28. Qh7+ Kf7 29. Rf4+ Ke6 30. Qg6+ Kd5 31. Qg5+ Kd6 32. Qxg7 Kc7 33. Rxd4
Rd8 34. Qg3+ Kc8 35. Rxb4 Be6 36. Qb8+ Kd7 37. Rb7+ Ke8 38. Qc7 Rd7 39. Qxc6
Qd4+ 40. Kh1 Qf2 41. Qxe6+ Kf8 42. Qf6+ Kg8 43. Rb8+ 1-0

[Event "XV Weekend A"]
[Site "Ivrea ITA"]
[Date "2011.04.03"]
[Round "4"]
[White "Isoardi, Luigi"]
[Black "Listello, Massimiliano"]
[Result "0-1"]
[WhiteElo "1762"]
[BlackElo "1594"]
[PlyCount "78"]
[EventDate "2011.04.01"]

1. d4 Nf6 2. Nf3 g6 3. Bg5 Bg7 4. e3 O-O 5. Be2 d6 6. O-O Qe8 7. c4 h6 8. Bh4
Nbd7 9. Bg3 Ne4 10. Nc3 Nxg3 11. fxg3 e5 12. Nd5 Qd8 13. Qc2 c6 14. Nc3 Qb6 15.
Na4 Qa5 16. Rad1 f5 17. dxe5 dxe5 18. Rd6 Nf6 19. Nh4 Qc7 20. Rfd1 Kh7 21. g4
e4 22. h3 Nd5 23. Rxg6 Nxe3 24. Qc1 Nxd1 25. Bxd1 Qg3 26. Nxf5 Bxf5 27. gxf5
Qe1+ 28. Kh2 Rxf5 29. Rxg7+ Kxg7 30. Qc3+ Qxc3 31. Nxc3 Re8 32. Kg1 Ref8 33.
Bc2 Rf1+ 34. Kh2 e3 35. Ne2 R1f2 36. Bd3 Rxe2 37. Bxe2 Rf2 38. Bd3 e2 39. Bxe2
Rxe2 0-1

[Event "XV Weekend A"]
[Site "Ivrea ITA"]
[Date "2011.04.03"]
[Round "4"]
[White "Liviabella, Lucio"]
[Black "Moratto, Davide"]
[Result "0-1"]
[WhiteElo "1627"]
[BlackElo "1838"]
[PlyCount "90"]
[EventDate "2011.04.01"]

1. e4 g6 2. Bc4 Bg7 3. Nf3 e6 4. d4 d5 5. exd5 exd5 6. Bb3 Nf6 7. Qe2+ Ne4 8.
Nc3 O-O 9. Nxd5 Re8 10. Be3 c6 11. Nf4 c5 12. c3 cxd4 13. cxd4 Qa5+ 14. Bd2 Qd8
15. Be3 Qa5+ 16. Bd2 Qb6 17. Be3 Bd7 18. O-O Bg4 19. Qc4 Nd6 20. Qe2 Nc6 21.
Nd5 Nxd4 22. Qd2 Nxb3 23. axb3 Qxb3 24. Nc7 Nc4 25. Qe2 Nxe3 26. Nxa8 Rxa8 27.
Qxe3 Qxb2 28. Rab1 Qa2 29. Rxb7 Qd5 30. Re7 Bf6 31. Re8+ Rxe8 32. Qxe8+ Kg7 33.
Ne1 a5 34. Qa4 Be2 35. g3 Bc3 36. Ng2 Bxf1 37. Kxf1 Qd3+ 38. Kg1 Qb1+ 39. Ne1
Qxe1+ 40. Kg2 Qa1 41. Qc2 a4 42. h4 a3 43. Qe4 Bf6 44. Qf4 a2 45. g4 Qe5 0-1

[Event "XV Weekend A"]
[Site "Ivrea ITA"]
[Date "2011.04.03"]
[Round "4"]
[White "Moschetto, Giuliano"]
[Black "Paonessa, Denis"]
[Result "0-1"]
[WhiteElo "1744"]
[BlackElo "1892"]
[PlyCount "84"]
[EventDate "2011.04.01"]

1. c4 e5 2. Nc3 Bb4 3. Nd5 Ba5 4. b4 c6 5. bxa5 cxd5 6. cxd5 Qxa5 7. Qb3 Nf6 8.
g3 Qxd5 9. Qxd5 Nxd5 10. Bg2 Nf6 11. Rb1 Nc6 12. Ba3 d5 13. Nf3 b6 14. Bd6 e4
15. Ng5 h6 16. Nh3 Kd7 17. Ba3 Ba6 18. Bb2 d4 19. Nf4 Rhd8 20. Rc1 Bb7 21. Bh3+
Ke8 22. O-O g5 23. Ne6 fxe6 24. Bxe6 Ke7 25. Bf5 Kf7 26. e3 Rd5 27. Bh3 g4 28.
exd4 gxh3 29. f4 exf3 30. Rxf3 Re8 31. Rcf1 Re6 32. Rf4 Kg6 33. a3 Na5 34. d3
Nb3 35. Bc3 Rdd6 36. R1f2 Bg2 37. d5 Nxd5 38. Rg4+ Kh5 39. Rg8 Nd4 40. Bd2 Nf3+
41. Rxf3 Bxf3 42. Rg5+ hxg5 0-1

[Event "XV Weekend A"]
[Site "Ivrea ITA"]
[Date "2011.04.03"]
[Round "4"]
[White "Siclari, Giovanni"]
[Black "Finocchiaro, Gianluca"]
[Result "0-1"]
[WhiteElo "1902"]
[BlackElo "2132"]
[PlyCount "70"]
[EventDate "2011.04.01"]

1. f4 d5 2. Nf3 Nf6 3. g3 g6 4. Bg2 Bg7 5. d3 c5 6. O-O O-O 7. c3 Nc6 8. Qe1 d4
9. Na3 dxc3 10. bxc3 Nd5 11. Bd2 Rb8 12. e4 Nc7 13. Qe2 b5 14. Rac1 b4 15. cxb4
Nxb4 16. Bxb4 cxb4 17. Nc4 Nb5 18. Nce5 Nc3 19. Rxc3 bxc3 20. Nc6 Qb6+ 21. Kh1
Qxc6 22. e5 Ba6 23. Nd4 Qa4 24. Nb3 Bb7 25. Rc1 Bxg2+ 26. Kxg2 Rfc8 27. Rc2
Qc6+ 28. Kg1 a5 29. d4 a4 30. Nc5 Rb1+ 31. Kf2 Qh1 32. Nxa4 Qxh2+ 33. Kf3 Rf1+
34. Qxf1 Qxc2 35. Qa6 Rf8 0-1

[Event "XV Weekend A"]
[Site "Ivrea ITA"]
[Date "2011.04.03"]
[Round "4"]
[White "Zannoni, Gianni"]
[Black "Piazza, Giacomo"]
[Result "1-0"]
[WhiteElo "1815"]
[BlackElo "1671"]
[PlyCount "59"]
[EventDate "2011.04.01"]

1. Nf3 Nf6 2. g3 d6 3. d4 Bg4 4. Bg2 h6 5. O-O Qc8 6. c4 Bh3 7. Nc3 Bxg2 8.
Kxg2 e6 9. e4 Be7 10. b3 O-O 11. Bb2 b6 12. Qe2 Nbd7 13. Rfd1 Re8 14. Rac1 Nf8
15. e5 N6h7 16. h4 f5 17. Nh2 Ng6 18. Qh5 Nhf8 19. Ne2 dxe5 20. dxe5 Kh7 21. f4
Qb7+ 22. Qf3 c6 23. h5 Nh8 24. g4 g6 25. gxf5 gxf5 26. Nd4 Rac8 27. Kh3 Nf7 28.
Rg1 Bc5 29. Qg2 Nh8 30. Qg8# 1-0

[Event "XV Weekend A"]
[Site "Ivrea ITA"]
[Date "2011.04.03"]
[Round "5"]
[White "Bellafiore, Enzo"]
[Black "Bosticardo, Tommaso"]
[Result "0-1"]
[WhiteElo "1807"]
[BlackElo "1687"]
[PlyCount "62"]
[EventDate "2011.04.01"]

1. d4 d5 2. Bf4 Nf6 3. e3 c5 4. c3 Nc6 5. Nf3 Qb6 6. Qb3 e6 7. Nbd2 Be7 8. dxc5
Bxc5 9. Qxb6 axb6 10. Nb3 O-O 11. Nxc5 bxc5 12. Bd6 Re8 13. Bxc5 e5 14. Bb5 Bf5
15. O-O Nd7 16. Ba3 Ra5 17. Be2 d4 18. Nh4 Bc2 19. Bd1 Bd3 20. Re1 dxc3 21. Bb3
e4 22. Rac1 g5 23. Rxc3 gxh4 24. f3 Rg5 25. f4 Rg6 26. Rd1 b5 27. Bc5 Nxc5 28.
Rxc5 Na5 29. Bd5 Nc4 30. Bxc4 bxc4 31. Rh5 Be2 0-1

[Event "XV Weekend A"]
[Site "Ivrea ITA"]
[Date "2011.04.03"]
[Round "5"]
[White "Bellia, Mario"]
[Black "Liviabella, Lucio"]
[Result "0-1"]
[WhiteElo "1574"]
[BlackElo "1627"]
[PlyCount "92"]
[EventDate "2011.04.01"]

1. Nf3 c5 2. b3 Nc6 3. Bb2 d6 4. d4 cxd4 5. Nxd4 Bd7 6. Nd2 Nf6 7. N2f3 g6 8.
a3 Bg7 9. g3 O-O 10. Bg2 Rc8 11. c4 a6 12. O-O Bg4 13. h3 Bd7 14. Rc1 Rc7 15.
e3 Qc8 16. h4 Bg4 17. Qe1 Nh5 18. Ng5 h6 19. Ngf3 Na5 20. Qxa5 e5 21. Nc2 Rc5
22. Qd2 Qe6 23. Nce1 Nf6 24. Nh2 Bh3 25. Nd3 Rc7 26. f4 e4 27. Nf2 Bxg2 28.
Kxg2 Rd7 29. Rfd1 Qf5 30. Qc2 Re8 31. Bxf6 Bxf6 32. Rd5 Qe6 33. Nhg4 Bg7 34.
Rh1 f5 35. Nh2 b5 36. Qd1 bxc4 37. bxc4 Rc8 38. c5 Rxc5 39. Rxc5 dxc5 40. Qe2
Rb7 41. Rd1 c4 42. g4 c3 43. gxf5 gxf5 44. Qh5 Rb2 45. Qe2 Rxe2 46. Rd8+ Kh7
0-1

[Event "XV Weekend A"]
[Site "Ivrea ITA"]
[Date "2011.04.03"]
[Round "5"]
[White "Di Chiara, Mauro"]
[Black "Siclari, Giovanni"]
[Result "0-1"]
[WhiteElo "1961"]
[BlackElo "1902"]
[PlyCount "98"]
[EventDate "2011.04.01"]

1. Nf3 f5 2. g3 Nf6 3. Bg2 d6 4. d4 g6 5. O-O Bg7 6. c4 O-O 7. d5 Na6 8. Nc3 e5
9. dxe6 c6 10. Bf4 Bxe6 11. Bxd6 Re8 12. c5 Nd5 13. Nxd5 Bxd5 14. Rb1 Bxa2 15.
Ra1 Bc4 16. Re1 Qf6 17. Qc2 Bd5 18. Nd2 Bxg2 19. Kxg2 Qxb2 20. Qc4+ Kh8 21. Ra2
Qd4 22. Qf7 Nxc5 23. Bxc5 Qxc5 24. Nf3 Qd5 25. Qxd5 cxd5 26. Rd1 Red8 27. Rad2
Bf6 28. Rxd5 Rxd5 29. Rxd5 Rd8 30. Rc5 Rd7 31. e3 Kg8 32. Nd4 Kf7 33. Kf3 Bxd4
34. exd4 b6 35. Rc6 Ke7 36. Ke3 Rb7 37. Kd3 b5 38. Kc3 a5 39. Kb3 Rd7 40. Kc3
b4+ 41. Kc4 Rb7 42. Kb3 a4+ 43. Kxa4 b3 44. Rc1 b2 45. Rb1 Kd6 46. Ka3 Kd5 47.
Ka2 Kxd4 48. Rd1+ Kc3 49. Kb1 Re7 0-1

[Event "XV Weekend A"]
[Site "Ivrea ITA"]
[Date "2011.04.03"]
[Round "5"]
[White "Listello, Massimiliano"]
[Black "Arruzza, Francesco"]
[Result "1/2-1/2"]
[WhiteElo "1594"]
[BlackElo "1802"]
[PlyCount "108"]
[EventDate "2011.04.01"]

1. e4 Nf6 2. Nc3 d5 3. exd5 Nxd5 4. Nxd5 Qxd5 5. Nf3 Bf5 6. c3 e6 7. Be2 Be7 8.
O-O O-O 9. d4 c5 10. Bf4 Nc6 11. dxc5 Qxd1 12. Rfxd1 Bxc5 13. Bg3 Rad8 14. Ne1
Bb6 15. h3 Kh8 16. Bf3 f6 17. b4 e5 18. Rxd8 Rxd8 19. Rd1 Rxd1 20. Bxd1 Kg8 21.
Kf1 Bc7 22. f3 Kf7 23. Bf2 a6 24. Bb3+ Ke7 25. Ke2 Be6 26. Bc5+ Bd6 27. Bxd6+
Kxd6 28. Bxe6 Kxe6 29. Nd3 b6 30. Ke3 f5 31. g4 g6 32. a3 Kd5 33. Nb2 h5 34.
c4+ Kd6 35. gxh5 gxh5 36. Na4 b5 37. c5+ Ke6 38. Nc3 h4 39. Kd3 Ne7 40. a4 bxa4
41. Nxa4 Kd5 42. Nb6+ Kc6 43. Kc3 Ng6 44. Nc4 e4 45. fxe4 fxe4 46. Nd6 Nf4 47.
Nf5 Nxh3 48. Nxh4 Nf4 49. Nf5 Nd5+ 50. Kc4 Nf4 51. Kd4 Nd3 52. Ne7+ Kd7 53. Nd5
Kc6 54. Kxe4 Nxb4 1/2-1/2

[Event "XV Weekend A"]
[Site "Ivrea ITA"]
[Date "2011.04.03"]
[Round "5"]
[White "Moratto, Davide"]
[Black "Castaldo, Antonio"]
[Result "1/2-1/2"]
[WhiteElo "1838"]
[BlackElo "1669"]
[PlyCount "56"]
[EventDate "2011.04.01"]

1. Nf3 Nf6 2. g3 g6 3. Bg2 Bg7 4. O-O d6 5. c4 Bg4 6. h3 Bxf3 7. Bxf3 c6 8. Nc3
O-O 9. d4 Nbd7 10. Be3 e5 11. Bg2 Qc7 12. Rc1 Ne8 13. Qd2 f5 14. Rfd1 e4 15. c5
d5 16. Bf4 Qd8 17. b4 a6 18. a4 Nc7 19. b5 Nf6 20. bxc6 bxc6 21. Rb1 Ne6 22.
Rb7 Nxf4 23. Qxf4 Rf7 24. Rdb1 Rxb7 25. Rxb7 Ne8 26. Rb6 Qd7 27. a5 Bxd4 28.
Na4 Qe6 1/2-1/2

[Event "XV Weekend A"]
[Site "Ivrea ITA"]
[Date "2011.04.03"]
[Round "5"]
[White "Moschetto, Giuliano"]
[Black "Barosso, Renzo"]
[Result "1-0"]
[WhiteElo "1744"]
[BlackElo "1889"]
[PlyCount "109"]
[EventDate "2011.04.01"]

1. c4 Nf6 2. g3 e6 3. Bg2 d5 4. cxd5 exd5 5. b3 Be6 6. Nf3 c6 7. Bb2 Be7 8. O-O
O-O 9. Qc2 Na6 10. a3 Ne4 11. b4 Nc7 12. d3 Nf6 13. Nbd2 Qd7 14. e4 dxe4 15.
Ne5 Qc8 16. dxe4 Bh3 17. Rad1 Bxg2 18. Kxg2 Rd8 19. f3 Ne6 20. Ndc4 Qc7 21.
Rxd8+ Rxd8 22. Rd1 Nf8 23. Rxd8 Qxd8 24. Qd3 Qxd3 25. Nxd3 N8d7 26. Nce5 Nf8
27. Nc4 b6 28. Nce5 c5 29. Nc6 Ng6 30. Nxe7+ Nxe7 31. bxc5 b5 32. Bxf6 gxf6 33.
Nb4 a5 34. Nd3 Nc6 35. Kf2 Kf8 36. Ke3 Ke7 37. f4 Kd7 38. g4 a4 39. h4 Na5 40.
Nb2 Kc6 41. Kd3 Kxc5 42. Kc3 Nc4 43. Nxc4 bxc4 44. h5 h6 45. f5 Kd6 46. Kxc4
Ke5 47. Kb4 Kf4 48. Kxa4 Kxg4 49. Kb4 Kxh5 50. a4 Kg4 51. a5 h5 52. a6 h4 53.
a7 h3 54. a8=Q h2 55. Qa1 1-0

[Event "XV Weekend A"]
[Site "Ivrea ITA"]
[Date "2011.04.03"]
[Round "5"]
[White "Pane, Gabriele"]
[Black "Tricerri, Pierino"]
[Result "1-0"]
[WhiteElo "1425"]
[BlackElo "1528"]
[PlyCount "109"]
[EventDate "2011.04.01"]

1. d4 Nf6 2. c4 g6 3. Nc3 Bg7 4. Nf3 O-O 5. Bg5 d6 6. e4 e5 7. dxe5 dxe5 8. Qc2
Nc6 9. Rd1 Qe8 10. Be2 Nb4 11. Qb3 c5 12. a3 Nc6 13. Qb5 b6 14. O-O Bb7 15.
Rfe1 Qe6 16. Bf1 Nd4 17. Nxd4 cxd4 18. Bxf6 Qxf6 19. Na4 Qc6 20. c5 Qxb5 21.
Bxb5 a6 22. Nxb6 axb5 23. Nxa8 Rxa8 24. Rc1 d3 25. Red1 Bxe4 26. f3 Bf5 27. g4
Bh6 28. gxf5 Bxc1 29. Rxc1 gxf5 30. c6 d2 31. Rd1 Rc8 32. Rxd2 Rxc6 33. Rd5
Rc1+ 34. Kg2 Rc2+ 35. Kg3 Rxb2 36. Rxe5 Rb3 37. Rxf5 Rxa3 38. Rxb5 Ra6 39. Rb4
Rg6+ 40. Rg4 Rxg4+ 41. Kxg4 Kg7 42. h4 f6 43. Kf5 h6 44. h5 Kf7 45. f4 Kg7 46.
Ke6 f5 47. Kxf5 Kf7 48. Ke5 Ke7 49. f5 Kf7 50. f6 Kf8 51. Kd6 Kf7 52. Ke5 Kf8
53. Ke6 Ke8 54. Ke5 Kf7 55. Kf5 1-0